Statistics for Countries that end in the letter "N"

Click here to take the quiz!

General Stats

  • This quiz has been taken 158 times
  • The average score is 23 of 25

Answer Stats

HintAnswer% Correct
AsiaJapan
96%
AsiaKazakhstan
96%
AsiaTajikistan
96%
AsiaAfghanistan
95%
AsiaOman
95%
AsiaUzbekistan
95%
AsiaTurkmenistan
94%
AsiaIran
93%
AsiaJordan
93%
AsiaKyrgyzstan
93%
AsiaPakistan
93%
AsiaYemen
93%
AsiaAzerbaijan
92%
EuropeSpain
92%
AfricaSudan
92%
AfricaSouth Sudan
90%
AfricaBenin
89%
AsiaBhutan
89%
AsiaLebanon
88%
AsiaTaiwan
88%
EuropeSweden
86%
AsiaBahrain
85%
AfricaCameroon
85%
EuropeLiechtenstein
85%
AfricaGabon
81%

Score Distribution

Percentile by Number Answered

Percent of People with Each Score

Your Score History

You have not taken this quiz